000
00292nam a22001337a 4500
008
181031b xxu||||| |||| 00| 0 eng d
020
_a
9780812098198
041
_a
eng
080
_a
510
100
_a
38
101
_a
MAT
245
_a
Mathematics Calculus
_c
Gootman.E.C
942
_2
udc
_c
BK
999
_c
51346
_d
51346